Tilastot visalle Valtiot, joissa on eniten JetPunkin käyttäjiä

Klikkaa tästä pelataksesi tätä visaa!

Yleistilastot

  • Tätä visaa on pelattu 289 kertaa
  • Keskiarvotulos 16 / 21

Vastaustilastot

%Valtio% Oikein
35,5Yhdysvallat
99%
1,2Suomi
99%
0,7Ruotsi
96%
2,3Saksa
93%
5.2Ranska
92%
0,6Norja
92%
4,7Kanada
90%
1,3Espanja
89%
19,2Yhdistynyt Kuningaskunta
86%
0,8Italia
84%
3,2Puola
82%
0,6Meksiko
76%
1,1Brasilia
73%
4,4Australia
70%
0,9Alankomaat
67%
1,0Irlanti
66%
0,7Belgia
62%
2,7Intia
62%
0,6Sveitsi
60%
1,0Uusi-Seelanti
53%
1,3Filippiinit
18%

Tulosjakauma

Persentiili vastausten määrän mukaan

Jokaisen tuloksen saaneiden osuus

Tuloshistoriasi

Et ole pelannut tätä visaa